| 000 | 00483nam a2200181 a 4500 | ||
|---|---|---|---|
| 001 | 4442 | ||
| 003 | CO-ViMGA | ||
| 008 | 141112s2004 ck r 000 u spa d | ||
| 040 |
_aCO-ViMGA _bspa _cCO-ViMGA |
||
| 082 | 0 | 4 | _a928.6 I711g |
| 100 | 1 | _aGómez Valderrama, Pedro | |
| 245 | 1 | 0 | _aJorge Isaacs |
| 260 |
_aBogotá : _bProcultura, _c1989 |
||
| 300 | _a140 p : il | ||
| 490 | _aClásicos colombianos | ||
| 650 | 1 | 4 |
_aISAACS, JORGE - CRITICA EINTERPRETACION _955171 |
| 942 |
_2ddc _cBK |
||
| 999 |
_c16452 _d16452 |
||